ბათუმის შოთა რუსთაველის სახელმწიფო უნივერსიტეტის ბიბლიოთეკა

Техническая эксплуатация автомобилей: (ბიბ.ჩანაწერი № 62734)

000 -LEADER
fixed length control field 00969nam a22001937a 4500
005 - DATE AND TIME OF LATEST TRANSACTION
control field 20250203163247.0
008 - FIXED-LENGTH DATA ELEMENTS--GENERAL INFORMATION
fixed length control field 250203s1917 ru ||||| |||| 00| 0 ru d
020 ## - INTERNATIONAL STANDARD BOOK NUMBER
International Standard Book Number 9785954600384
041 ## - LANGUAGE CODE
Language code of text/sound track or separate title rus
080 ## - UNIVERSAL DECIMAL CLASSIFICATION NUMBER
Universal Decimal Classification number 629.33.017 Т-38
100 ## - MAIN ENTRY--PERSONAL NAME
Personal name Дидманидзе, О. Н.
9 (RLIN) 24227
245 ## - TITLE STATEMENT
Title Техническая эксплуатация автомобилей:
Remainder of title учебник : [для вузов по специальности "Автомобили и автомобил. хоз-во"] /
Statement of responsibility, etc. О. Н.Дидманидзе, А.А. Солнцев, А.М. Карев и др.
264 ## - PRODUCTION, PUBLICATION, DISTRIBUTION, MANUFACTURE, AND COPYRIGHT NOTICE
Place of production, publication, distribution, manufacture Москва :
Name of producer, publisher, distributor, manufacturer Росиформагротех,
Date of production, publication, distribution, manufacture, or copyright notice 2017.
300 ## - PHYSICAL DESCRIPTION
Extent 564 стр.
Other physical details ил.
Dimensions 21 см.
653 ## - INDEX TERM--UNCONTROLLED
keyword სატრანსპორტო საშუალებების მოვლა
700 ## - ADDED ENTRY--PERSONAL NAME
Personal name Солнцев, А.А.
Relator term ავტორი
9 (RLIN) 24228
700 ## - ADDED ENTRY--PERSONAL NAME
Personal name Карев, А.М. и др
Relator term ავტორი
9 (RLIN) 24229
942 ## - ADDED ENTRY ELEMENTS (KOHA)
Source of classification or shelving scheme
Koha item type წიგნი
ეგზემპლარები
Withdrawn status Lost status Source of classification or shelving scheme Damaged status Not for loan Permanent Location Current Location Shelving location Date acquired Cost, normal purchase price Full call number Barcode Date last seen Copy number Uniform Resource Identifier Price effective from Koha item type Public note
          ბათუმის შოთა რუსთაველის სახელმწიფო უნივერსიტეტის მთავარი ბიბლიოთეკა ბათუმის შოთა რუსთაველის სახელმწიფო უნივერსიტეტის მთავარი ბიბლიოთეკა წიგნსაცავი 2025-02-03 10.00 629.33.017 Т-38 70537 2025-02-03 70537 ნაჩუქარი 2025-02-03 წიგნი 10 ლ.